|
|
|
|
| LEADER |
00000nam0a2200000 4500 |
| 001 |
70433 |
| 005 |
20231031081416.0 |
| 010 |
|
|
|a 5020102814
|
| 035 |
|
|
|a (RuTPU)RU\TPU\book\74995
|
| 090 |
|
|
|a 70433
|
| 100 |
|
|
|a 20041123d2005 k y0rusy50 ca
|
| 101 |
0 |
|
|a rus
|
| 102 |
|
|
|a RU
|
| 105 |
|
|
|a a z 001zy
|
| 200 |
1 |
|
|a Семья во французском обществе: XVIII - начало XX века
|f М. К. Любарт
|g Российская академия наук, Институт этнологии и антропологии им. Н. Н. Миклухо-Маклая; под ред. М. Ю. Мартынова
|
| 210 |
|
|
|a Москва
|c Наука
|d 2005
|
| 215 |
|
|
|a с.
|c ил.
|
| 320 |
|
|
|a Библиогр.: с. 285-293.
|
| 330 |
|
|
|a Монография - фундаментальное исследование различных сторон семейных отношений у французов периода нового времени, в течение которого складывались новые формы брака и семейные структуры. Работа основана на обширном круге источников: историко-этнографических, правовых, демографических, фольклорных, данных контентанализа художественной и публицистической литературы того времени. Для историков, этнологов и всех интересующихся французской культурой.
|
| 610 |
1 |
|
|a этнография
|
| 610 |
1 |
|
|a этнология
|
| 610 |
1 |
|
|a этнодемография
|
| 610 |
1 |
|
|a история
|
| 610 |
1 |
|
|a семья
|
| 610 |
1 |
|
|a Франция
|
| 610 |
1 |
|
|a 18 век
|
| 610 |
1 |
|
|a 19 век
|
| 610 |
1 |
|
|a 20 век
|
| 610 |
1 |
|
|a общество
|
| 610 |
1 |
|
|a государство
|
| 610 |
1 |
|
|a брак
|
| 610 |
1 |
|
|a брачно-семейные отношения
|
| 610 |
1 |
|
|a обычаи
|
| 610 |
1 |
|
|a обряды
|
| 610 |
1 |
|
|a свадьбы
|
| 686 |
|
|
|a Т52(4Фр)
|v LBC/SL-A
|2 rubbk
|
| 686 |
|
|
|a Т3(4Фр)
|v LBC/SL-A
|2 rubbk
|
| 700 |
|
1 |
|a Любарт
|b М. К.
|g Маргарита Кемальевна
|
| 702 |
|
1 |
|a Мартынов
|b М. Ю.
|4 340
|
| 712 |
0 |
2 |
|a Российская академия наук
|b Институт этнологии и антропологии им. Н. Н. Миклухо-Маклая
|2 stltpush
|3 (RuTPU)RU\TPU\col\377
|
| 801 |
|
1 |
|a RU
|b 63413507
|c 20041123
|g PSBO
|
| 801 |
|
2 |
|a RU
|b 63413507
|c 20070924
|g PSBO
|
| 942 |
|
|
|c BK
|
| 959 |
|
|
|a 164/20041122
|d 1
|e 0
|f НФ:1
|